000 00542nam a2200181Ia 4500
005 20250508161806.0
008 008 250505s9999 xx 000 0 eng d
037 _aTextual
040 _aFEDL
_beng
_cFEDL
041 _aeng
_2eng
084 _aF, GUN
_qFEDL
100 _aGunn John
_9771560
245 0 _aBattle in the ice: An exciting Peter Kent story with an authentic naval and flying background
260 _aLondon, UK
_bLuzac and Co. Ltd.
_c1956
300 _a184p
942 _cTEXL
_hF, GUN
999 _c1372231
_d1372231